ARRUPE JESUIT UNIVERSITY

CORONAVIRUS -STOP THE SPREAD - CLEAN,DISINFECT,COVER

Practical reason / (Record no. 121105)

MARC details
000 -LEADER
fixed length control field 00974cam a2200277 a 4500
001 - CONTROL NUMBER
control field 935896
003 - CONTROL NUMBER IDENTIFIER
control field ARRUPE
005 - DATE AND TIME OF LATEST TRANSACTION
control field 20141009141219.0
008 - FIXED-LENGTH DATA ELEMENTS--GENERAL INFORMATION
fixed length control field 830517s1983 nyu b 001 0 eng
010 ## - LIBRARY OF CONGRESS CONTROL NUMBER
LC control number 83071775
020 ## - INTERNATIONAL STANDARD BOOK NUMBER
International Standard Book Number 0801416736
040 ## - CATALOGING SOURCE
Original cataloging agency DLC
Transcribing agency DLC
Modifying agency DLC
050 00 - LIBRARY OF CONGRESS CALL NUMBER
Classification number SPCP BC145
Item number .W949
082 00 - DEWEY DECIMAL CLASSIFICATION NUMBER
Classification number 160
Edition number 19
300 ## - PHYSICAL DESCRIPTION
Dimensions 24 cm.
100 1# - MAIN ENTRY--PERSONAL NAME
Personal name Wright, G. H. von
Fuller form of name (Georg Henrik),
Dates associated with a name 1916-2003.
9 (RLIN) 12116
245 10 - TITLE STATEMENT
Title Practical reason /
Statement of responsibility, etc Georg Henrik von Wright.
260 ## - PUBLICATION, DISTRIBUTION, ETC. (IMPRINT)
Place of publication, distribution, etc Ithaca, N.Y. :
Name of publisher, distributor, etc Cornell University Press,
Date of publication, distribution, etc 1983.
300 ## - PHYSICAL DESCRIPTION
Extent ix, 214 p. ;
490 1# - SERIES STATEMENT
Series statement Philosophical papers of Georg Henrik von Wright ;
Volume number/sequential designation v. 1
504 ## - BIBLIOGRAPHY, ETC. NOTE
Bibliography, etc Includes bibliographical references and indexes.
650 #0 - SUBJECT ADDED ENTRY--TOPICAL TERM
Topical term or geographic name as entry element Deontic logic.
9 (RLIN) 12117
650 #0 - SUBJECT ADDED ENTRY--TOPICAL TERM
Topical term or geographic name as entry element Practical reason.
9 (RLIN) 12118
800 1# - SERIES ADDED ENTRY--PERSONAL NAME
Personal name Wright, G. H. von
Fuller form of name (Georg Henrik),
Dates associated with a name 1916-2003.
Title of a work Works.
Form subheading Selections.
Date of a work 1983.
Version Cornell ;
Volume/sequential designation v. 1.
9 (RLIN) 12119
906 ## - LOCAL DATA ELEMENT F, LDF (RLIN)
a 7
b cbc
c orignew
d 2
e opcn
f 19
g y-gencatlg
942 ## - ADDED ENTRY ELEMENTS (KOHA)
Source of classification or shelving scheme Library of Congress Classification
Koha item type Monograph ( Printed materials)
Holdings
Withdrawn status Lost status Source of classification or shelving scheme Damaged status Not for loan Collection code Home library Current library Shelving location Date acquired Total Checkouts Full call number Barcode Date last seen Price effective from Koha item type
    Library of Congress Classification     Main Collection ARRUPE LIBRARY ARRUPE LIBRARY Main Collection 09/10/2014   SPCP BC145 .W949 46500001370 09/10/2014 09/10/2014 Monograph ( Printed materials)

 

Arrupe Library. PO Box MP320 Mt Pleasant, Harare, Zimbabwe
263 242 745411|librarian@aju.ac.zw